History Quiz

Random History or Nation Quiz

Australia Z-A Quiz Stats

 Plays Quiz Updated Dec 9, 2014

Also try: The Australia Quiz
Challenge
Share
Tweet
Embed
Score 0/26 Timer 06:00
10 Plays Today
Hint Answer % Correct
Island state with Hobart as its capitalTasmania
90.6%
This animal, along with the emu, is on Australia's coat of armsKangaroo
90.1%
State home to Brisbane, Cairns, and the Gold GoastQueensland
89.4%
Kyle Sandilands, Guy Sebastian, and Dannii Minogue have all served as judges on this TV ShowThe X Factor
85.8%
The two words following 'Sydney' in the landmark that became a UNESCO World Heritage Site in 2007Opera House
83.3%
Australian city known as the most isolated city in the worldPerth
81.8%
Famous spread predominantly made from yeast extractVegemite
80.6%
Landmark also known as Ayers RockUluru
80.3%
He's known as 'The Crocodile Hunter' Steve Irwin
79.6%
What Australians call pedestrian crossingsZebra crossings
78.7%
The political party that has produced the most Prime MinistersLabor Party
78.4%
Famous hit by the band Men at Work that refers to Australia's nicknameDown Under
77.5%
One of Australia's most famous beaches and subject of the TV show '____ Rescue'Bondi Beach
69.4%
Hint Answer % Correct
A representation of this constellation is on Australia's flag and is one of the most common tattoos for AussiesSouthern Cross
68%
Folk song often referred to as the unofficial national anthem of AustraliaWaltzing Matilda
67.6%
Famous Aussie soap opera that helped launch the careers of Kylie Minogue, Delta Goodrem, and Natalie Imbruglia Neighbours
64.8%
National public holiday on April 25 that is a day of remembrance Anzac Day
63.9%
The Melbourne Cup is a major national event in this sportHorse Racing
60.3%
Australia's longest riverMurray-Darling River
57%
James Cook's ship that discovered Australia, the HMS ____Endeavour
55%
Prime Minister who served from 2007-2010, and then again for less than 3 months in 2013Kevin Rudd
49.2%
This valley surrounds the river in Victoria with the same name and is known for its wine industry Yarra Valley
46.9%
Low-cost Aussie airline that rivals Virgin Airlines and TigerairJetstar Airways
46.3%
Australian owned island infamous for its refugee and immigration detentionChristmas Island
42.9%
Australia's longest mountain rangeGreat Dividing Range
30.5%
He identified Australia as a continent and has a university in Adelaide named after himMatthew Flinders
27.5%

You're not logged in!

Compare scores with friends on all Sporcle quizzes.
OR
Log In

You Might Also Like...

Show Comments

Extras

Top Quizzes Today


Score Distribution

Your Account Isn't Verified!

In order to create a playlist on Sporcle, you need to verify the email address you used during registration. Go to your Sporcle Settings to finish the process.

Report this User

Report this user for behavior that violates our Community Guidelines.

Details: